<?xml version="1.0" encoding="UTF-8"?>
<record
    xmlns:xsi="http://www.w3.org/2001/XMLSchema-instance"
    xsi:schemaLocation="http://www.loc.gov/MARC21/slim http://www.loc.gov/standards/marcxml/schema/MARC21slim.xsd"
    xmlns="http://www.loc.gov/MARC21/slim">

  <leader>01218nam a2200301 i 4500</leader>
  <controlfield tag="001">146898</controlfield>
  <controlfield tag="003">ES-MaACL</controlfield>
  <controlfield tag="005">20240307182152.0</controlfield>
  <controlfield tag="007">t|</controlfield>
  <controlfield tag="008">210812s2011    sp ao         00110 spa d</controlfield>
  <datafield tag="020" ind1=" " ind2=" ">
    <subfield code="a">978-84-95793-05-8</subfield>
  </datafield>
  <datafield tag="080" ind1=" " ind2=" ">
    <subfield code="a">796.332:061.237(460)</subfield>
  </datafield>
  <datafield tag="080" ind1=" " ind2=" ">
    <subfield code="a">796.332.093.1</subfield>
  </datafield>
  <datafield tag="100" ind1="1" ind2=" ">
    <subfield code="a">Arn&#xE1;iz Arizmendi, Luis.</subfield>
    <subfield code="9">173178</subfield>
  </datafield>
  <datafield tag="245" ind1="1" ind2="0">
    <subfield code="a">Espa&#xF1;a, campe&#xF3;n del Mundo 2010 : </subfield>
    <subfield code="b">historia de un sue&#xF1;o que se hizo realidad / </subfield>
    <subfield code="c">Luis Arn&#xE1;iz ; fotograf&#xED;as, Carmelo Rubio, Jorge Fern&#xE1;ndez.</subfield>
  </datafield>
  <datafield tag="260" ind1=" " ind2=" ">
    <subfield code="a">[Las Rozas, Madrid] : </subfield>
    <subfield code="b">Real Federaci&#xF3;n Espa&#xF1;ola de F&#xFA;tbol, </subfield>
    <subfield code="c">[2011]</subfield>
  </datafield>
  <datafield tag="300" ind1=" " ind2=" ">
    <subfield code="a">544 p. : </subfield>
    <subfield code="b">il. col., fot. ; </subfield>
    <subfield code="c">31 cm.</subfield>
  </datafield>
  <datafield tag="610" ind1="2" ind2="4">
    <subfield code="a">Selecci&#xF3;n Nacional Espa&#xF1;ola de F&#xFA;tbol.</subfield>
    <subfield code="9">157820</subfield>
  </datafield>
  <datafield tag="611" ind1="2" ind2="4">
    <subfield code="a">Campeonato Mundial de F&#xFA;tbol </subfield>
    <subfield code="d">(2010. </subfield>
    <subfield code="c">Sud&#xE1;frica)</subfield>
    <subfield code="9">173179</subfield>
  </datafield>
  <datafield tag="650" ind1=" " ind2="4">
    <subfield code="a">F&#xFA;tbol-</subfield>
    <subfield code="z">Espa&#xF1;a.</subfield>
    <subfield code="9">157821</subfield>
  </datafield>
  <datafield tag="700" ind1="1" ind2=" ">
    <subfield code="a">Rubio S&#xE1;nchez, Carmelo.</subfield>
    <subfield code="9">173180</subfield>
  </datafield>
  <datafield tag="700" ind1="1" ind2=" ">
    <subfield code="a">Fern&#xE1;ndez, Jorge </subfield>
    <subfield code="c">(fot&#xF3;grafo)</subfield>
    <subfield code="9">173181</subfield>
  </datafield>
  <datafield tag="710" ind1="2" ind2=" ">
    <subfield code="a">Real Federaci&#xF3;n Espa&#xF1;ola de F&#xFA;tbol.</subfield>
    <subfield code="9">173182</subfield>
  </datafield>
  <datafield tag="852" ind1="4" ind2=" ">
    <subfield code="a">ES-MaACL</subfield>
    <subfield code="j">A-14704    </subfield>
    <subfield code="9">152184</subfield>
    <subfield code="b">R.151992</subfield>
    <subfield code="c">DEPO1</subfield>
    <subfield code="d">Olim: N-7704</subfield>
    <subfield code="h">Donaci&#xF3;n: Jos&#xE9; L&#xE1;zaro</subfield>
  </datafield>
  <datafield tag="903" ind1=" " ind2=" ">
    <subfield code="9">234219</subfield>
    <subfield code="a">L&#xE1;zaro Garc&#xED;a, Jos&#xE9;</subfield>
    <subfield code="e">dnr</subfield>
  </datafield>
  <datafield tag="942" ind1=" " ind2=" ">
    <subfield code="2">udc</subfield>
    <subfield code="c">MONOGRAFIA</subfield>
  </datafield>
  <datafield tag="999" ind1=" " ind2=" ">
    <subfield code="c">146898</subfield>
    <subfield code="d">146898</subfield>
  </datafield>
  <datafield tag="952" ind1=" " ind2=" ">
    <subfield code="0">0</subfield>
    <subfield code="1">0</subfield>
    <subfield code="2">udc</subfield>
    <subfield code="4">0</subfield>
    <subfield code="7">0</subfield>
    <subfield code="a">ATENEOM</subfield>
    <subfield code="b">ATENEOM</subfield>
    <subfield code="c">DEPO1</subfield>
    <subfield code="d">2021-08-12</subfield>
    <subfield code="e">DONACION</subfield>
    <subfield code="l">0</subfield>
    <subfield code="o">A-14704</subfield>
    <subfield code="p">1202617</subfield>
    <subfield code="r">2023-02-23 00:00:00</subfield>
    <subfield code="w">2023-02-23</subfield>
    <subfield code="y">MONOGRAFIA</subfield>
  </datafield>
</record>
